La polis sexuada: normas, disturbios y transgresiones del género en la Grecia Antigua
Đã lưu trong:
| Những tác giả chính: | , |
|---|---|
| Định dạng: | Sách |
| Ngôn ngữ: | Tiếng Tây Ban Nha |
| Được phát hành: |
Buenos Aires
Universidad de Buenos Aires
2011
|
| Những chủ đề: | |
| Các nhãn: |
Thêm thẻ
Không có thẻ, Là người đầu tiên thẻ bản ghi này!
|
MARC
| LEADER | 00000cam a2200000 a 4500 | ||
|---|---|---|---|
| 001 | UCF2149 | ||
| 003 | CL-VaPUC | ||
| 008 | 120810e20110000AG |||||||||||||||||spa|d | ||
| 020 | |a 9789871785063 | ||
| 082 | 0 | 4 | |a 880 |b ROD |2 21 |
| 100 | 0 | |a Rodríguez Cidre, Elsa |e author |9 563777 | |
| 700 | 0 | |a Buis, Emiliano Jerónimo |e author |9 563778 | |
| 245 | 1 | 3 | |a La polis sexuada: normas, disturbios y transgresiones del género en la Grecia Antigua |
| 300 | |a 393 p | ||
| 942 | |c BK | ||
| 945 | |d 20120810 00:00:00 |a dcastane | ||
| 260 | |a Buenos Aires |b Universidad de Buenos Aires |c 2011 | ||
| 650 | 7 | |a LITERATURA GRIEGA |2 CL-VaPUC |9 258054 | |
| 650 | 0 | |a Literatura clásica |9 375458 | |
| 650 | 0 | |a Sexualidad |9 358183 | |
| 583 | |a last modification |c 20120810 11:35:00 |k Rodrigo Vera | ||
| 999 | |c 348795 |d 348793 | ||
| 952 | |0 0 |1 0 |4 0 |6 880_000000000000000_ROD_2011 |7 0 |8 A |9 450971 |a BIBHIS |b BIBHIS |d 2019-11-22 |i 4891538 |l 1 |o 880 ROD 2011 |p 4891538 |r 2025-01-20 |s 2022-03-21 |w 2019-11-22 |y BK |k HIS | ||